E-commerce and retail property in the UK and USA (Record no. 70033)
[ view plain ]
| 000 -LEADER | |
|---|---|
| fixed length control field | 01690cam a2200277 4500 |
| 001 - CONTROL NUMBER | |
| control field | ABS65348 |
| 008 - FIXED-LENGTH DATA ELEMENTS--GENERAL INFORMATION | |
| fixed length control field | 020422n2002 000 0 eng u |
| 035 ## - SYSTEM CONTROL NUMBER | |
| System control number | (Sirsi) u117612 |
| 100 ## - MAIN ENTRY--PERSONAL NAME | |
| Personal name | Worzala, E |
| 245 ## - TITLE STATEMENT | |
| Title | E-commerce and retail property in the UK and USA |
| 260 ## - PUBLICATION, DISTRIBUTION, ETC. | |
| Date of publication, distribution, etc. | 2002 |
| 490 ## - SERIES STATEMENT | |
| Series statement | Journal of Property Investment and Finance |
| Volume/sequential designation | 20(2) 2002, 142-158(17) |
| 520 ## - SUMMARY, ETC. | |
| Summary, etc. | Presents findings from separate research projects conducted in the UK and the USA on the impact of e-commerce on retailers and retail property. Examines differences between UK and US retailers along several dimensions: internet strategies, perceptions of the internet, barriers to e-commerce growth, and future space requirements. Overall findings indicate that UK and US retailers have similar attitudes about e-commerce. Specifically, retailers in both samples perceive little threat or impact from e-commerce. Second, barriers to e-commerce growth are simlar for UK and US retailers and include fulfillment and security issues. Third, UK and US retailers indicate that their retail space needs will remain the same or increase in the short term, despite the threat of e-commerce. Finally, both sets of retailers believe that entertainment is an important strategy if shopping centres are to remain viable. References. [TAKEN FROM JOURNAL HEADNOTE] |
| 590 ## - LOCAL NOTE (RLIN) | |
| Local note | ABS |
| 650 ## - SUBJECT ADDED ENTRY--TOPICAL TERM | |
| Topical term or geographic name entry element | SHOPPING CENTRES |
| 650 ## - SUBJECT ADDED ENTRY--TOPICAL TERM | |
| Topical term or geographic name entry element | RETAIL PROPERTY |
| 650 ## - SUBJECT ADDED ENTRY--TOPICAL TERM | |
| Topical term or geographic name entry element | E-COMMERCE |
| 650 ## - SUBJECT ADDED ENTRY--TOPICAL TERM | |
| Topical term or geographic name entry element | UNITED STATES |
| 650 ## - SUBJECT ADDED ENTRY--TOPICAL TERM | |
| Topical term or geographic name entry element | UNITED KINGDOM |
| 650 ## - SUBJECT ADDED ENTRY--TOPICAL TERM | |
| Topical term or geographic name entry element | INTERNET |
| 690 ## - LOCAL SUBJECT ADDED ENTRY--TOPICAL TERM (OCLC, RLIN) | |
| Topical term or geographic name as entry element | PROPERTY-COMMERCIAL PROPERTY-RETAIL PROPERTY |
| 700 ## - ADDED ENTRY--PERSONAL NAME | |
| Personal name | McCarthy, A |
| 700 ## - ADDED ENTRY--PERSONAL NAME | |
| Personal name | Dixon, T |
| 700 ## - ADDED ENTRY--PERSONAL NAME | |
| Personal name | Marston, A |
| 942 ## - ADDED ENTRY ELEMENTS (KOHA) | |
| Suppress in OPAC | 0 |
| Withdrawn status | Lost status | Source of classification or shelving scheme | Damaged status | Not for loan | Home library | Current library | Shelving location | Date acquired | Total Checkouts | Full call number | Barcode | Date last seen | Copy number | Price effective from | Koha item type |
|---|---|---|---|---|---|---|---|---|---|---|---|---|---|---|---|
| Dewey Decimal Classification | London | London | Journal article | 22/04/2002 | ABS65348 | 117612-1001 | 06/08/2019 | 1 | 06/08/2019 | Journal article |